Statistics for Terribly Spelled Words #2

Click here to take the quiz!

General Stats

  • This quiz has been taken 20 times
  • The average score is 16 of 20

Answer Stats

Misspelled WordActual Word% Correct
InflooensaInfluenza
100%
PairadocksParadox
100%
GuyroescopeGyroscope
95%
IleegullIllegal
95%
LickwidLiquid
95%
FurtiliseFertilize
89%
JeperdiseJeopardize
89%
FairohPharaoh
89%
TiefoonTyphoon
89%
HighfenHyphen
84%
LootenintLieutenant
84%
ZylofoneXylophone
79%
HoeaxeHoax
74%
RaideeashunRadiation
74%
SekwoiyaSequoia
68%
IcesaucilleezIsosceles
63%
IssmissIsthmus
63%
SiethScythe
53%
SeereeseSeries
53%
SemooryeSamurai
47%

Score Distribution

Percentile by Number Answered

Percent of People with Each Score

Your Score History

You have not taken this quiz